<?xml version="1.0" encoding="UTF-8"?>
<collection xmlns:xsi="http://www.w3.org/2001/XMLSchema-instance" xsi:schemaLocation="http://www.loc.gov/MARC21/slim http://www.loc.gov/standards/marcxml/schema/MARC21slim.xsd" xmlns="http://www.loc.gov/MARC21/slim">
 <record>
  <leader>00000ctm a22000004a 4500</leader>
  <controlfield tag="001">UP-99796217605976667</controlfield>
  <controlfield tag="003">Buklod</controlfield>
  <controlfield tag="005">20230503092542.0</controlfield>
  <controlfield tag="006">m     o  j        </controlfield>
  <controlfield tag="007">ta</controlfield>
  <controlfield tag="008">080210s        xx     d     r    |||| u|</controlfield>
  <datafield tag="035" ind1=" " ind2=" ">
   <subfield code="a">(iLib)UPD-00000368917</subfield>
  </datafield>
  <datafield tag="040" ind1=" " ind2=" ">
   <subfield code="a">DLS</subfield>
  </datafield>
  <datafield tag="041" ind1=" " ind2=" ">
   <subfield code="a">eng</subfield>
  </datafield>
  <datafield tag="042" ind1=" " ind2=" ">
   <subfield code="a">DMLUC</subfield>
  </datafield>
  <datafield tag="090" ind1=" " ind2=" ">
   <subfield code="a">LG 995 2003 L4</subfield>
   <subfield code="b">C36</subfield>
  </datafield>
  <datafield tag="100" ind1="1" ind2=" ">
   <subfield code="a">Canezal, Jennifer C.</subfield>
   <subfield code="e">author.</subfield>
  </datafield>
  <datafield tag="245" ind1="1" ind2="0">
   <subfield code="a">Computerization and modernization in government agricultural libraries within Metro Manila</subfield>
   <subfield code="b">a survey</subfield>
   <subfield code="c">Jennifer C. Canezal ; Ma. Divina A. Pascua-Cruz, adviser ; Lourdes T. David,  reader.</subfield>
  </datafield>
  <datafield tag="264" ind1=" " ind2="1">
   <subfield code="a">Quezon City : Institute of Library Science, University of the Philippines Diliman</subfield>
   <subfield code="c">2003.</subfield>
  </datafield>
  <datafield tag="300" ind1=" " ind2=" ">
   <subfield code="a">xv, 61 leaves</subfield>
  </datafield>
  <datafield tag="500" ind1=" " ind2=" ">
   <subfield code="a">Vita.</subfield>
  </datafield>
  <datafield tag="502" ind1=" " ind2=" ">
   <subfield code="a">Special Problem (Master of Library and Information Science)--University of the Philippines Diliman</subfield>
   <subfield code="d">April 2003.</subfield>
  </datafield>
  <datafield tag="520" ind1="3" ind2=" ">
   <subfield code="a">This study surveyed the current state of the computerization and modernization of the government agricultural libraries in Metro Manila. The objectives are: 1) To identify government agricultural libraries in Metro Manila that are computerized, not-computerized and/or planning to computerize their operations; 2) To identify the predominant computer configurations as well as software employed and/or planning to be installed by these libraries; 3) To determine the conditions of access to the computerized systems; 4) To determine the extent of computerization in the government agricultural libraries in Metro Manila; 5) To identify the specific library functions/services/areas that are currently being computerized and/or planning to be computerized; 6) To determine from among the non-computerized libraries, the primary services that should be given priority in computerization; 7) To determine from among the computerized libraries the benefits derived from computerization; 8) To identify the major factors that influence and/or hinder the computerization of the government agricultural libraries in Metro Manila; 9) To recommend innovations to further improve the computerized libraries.</subfield>
  </datafield>
  <datafield tag="520" ind1="3" ind2=" ">
   <subfield code="a">The head librarians of the 21-government agricultural libraries in Metro Manila as of January 2003 comprised the respondents of this study. The descriptive research method was used with the survey questionnaire as a data-gathering instrument.  The questionnaire was composed of two types: Questionnaire A was intended for computerized libraries and Questionnaire B for non-computerized libraries.  All of these questionnaires were personally distributed to 21 libraries in Metro Manila for one week and was personally collected the next week after.  These were supplemented by interviews and observations during the actual library visits.</subfield>
  </datafield>
  <datafield tag="520" ind1="3" ind2=" ">
   <subfield code="a">The data gathered were organized and tallied, tabulated, analyzed, and interpreted using frequencies, percentages and ranking to carry out the objectives of the study. A total of 18 head librarians responded out of the targeted respondents.  Three out of the 18 reported that they were already computerized while the remaining 15 are still in the process if planning computerization.</subfield>
  </datafield>
  <datafield tag="520" ind1="3" ind2=" ">
   <subfield code="a">Two of the computerized libraries implemented their system in the late 1990s while the other one started only in January 2002.  Although they are partially automated, the process of implementation had been proceeding smoothly.  Cataloging and indexing were mostly the processes that are computerized in these libraries. The main factor influencing the decision for computerization was the goals and objectives of the library/organization whereas, financial resources seemed to be the common factor influencing the non-implementation of the non-computerized libraries computerization plan.</subfield>
  </datafield>
  <datafield tag="650" ind1=" " ind2="4">
   <subfield code="a">Agricultural libraries</subfield>
   <subfield code="x">Automation.</subfield>
   <subfield code="z">Philippines</subfield>
   <subfield code="z">Manila Metropolitan Area.</subfield>
  </datafield>
  <datafield tag="650" ind1=" " ind2="4">
   <subfield code="a">Government libraries</subfield>
   <subfield code="x">Automation.</subfield>
   <subfield code="z">Philippines</subfield>
   <subfield code="z">Manila Metropolitan Area.</subfield>
  </datafield>
  <datafield tag="700" ind1="1" ind2=" ">
   <subfield code="a">Pascua-Cruz, Ma. Divina A.</subfield>
   <subfield code="e">adviser.</subfield>
  </datafield>
  <datafield tag="700" ind1="1" ind2=" ">
   <subfield code="a">David, Lourdes T.</subfield>
   <subfield code="e">reader.</subfield>
  </datafield>
  <datafield tag="842" ind1=" " ind2=" ">
   <subfield code="a">Thesis</subfield>
  </datafield>
  <datafield tag="905" ind1=" " ind2=" ">
   <subfield code="a">FI</subfield>
  </datafield>
  <datafield tag="905" ind1=" " ind2=" ">
   <subfield code="a">UP</subfield>
  </datafield>
  <datafield tag="852" ind1="0" ind2=" ">
   <subfield code="a">UPD</subfield>
   <subfield code="b">DLS</subfield>
   <subfield code="h">LG 995 2003 L4 C36</subfield>
  </datafield>
  <datafield tag="942" ind1=" " ind2=" ">
   <subfield code="a">Thesis</subfield>
  </datafield>
 </record>
</collection>
